000 02021cam a2200409 4500
008 090401t1993 xxu||||| |||| 00| 0 eng d
020 _a0854066012
035 _a(Sirsi) u58657
041 _aeng
050 _a333.9164
090 _aRICS 1993/115A
110 _aRoyal Institution of Chartered Surveyors
_94900
245 _aMarine resources atlases colloquium.
260 _aLondon
_bRICS
_c1993
300 _a(41) leaves ; 30cm.
350 _a0
520 _apapers given at a meeting held at RICS headquarters on 18 and 19 October 1991. United Kingdom digital marine atlas./ TABOR, A. - NOAA`S Marine Resource atlas: expanding knowledge through experience./ EHLER, C.H., BASTA, D.J. & LA POINTE, T. - European digital marine atlases: a conceptual view./ ROBINSON, G.J. - Management Analysis North Sea (MANS) project./ PULLES, J.W. - GIS applications for fisheries and aquaculture in FAO./ GARCIA, S.M. & KAPETSKY, J.M. - Atlas for marine policy in East Asian seas./ MORGAN, J.R. & VALENCIA, M.J. - Role of the private consultant in marine resource mapping./ JEFFRIES-HARRIS, T. - FMG InfoATLAS: an intelligent digital atlas of the Bay of Funday, Gulf of Maine, Georges Bank marine region./ RICKETTS, P.J. - Application of GIS to regional and site-specific environmental assessment projects in the Mediterranean, Caribbean, Gulf of Finland and Arabian Sea./ DOBBIN, J.A. - Irish marine resources and the use of REGARD (interactive statistical graphics) for
650 _aCANADA
650 _aCOASTAL ZONE
650 _aDIGITAL MAPPING
650 _aEAST ANGLIA
650 _aFISH FARMING
650 _aFLOOD DEFENCES
650 _aGULF OF MAINE
650 _aIRELAND
650 _aLOCH FYNE
650 _aMARINE CONSERVATION
650 _aMARINE RESOURCE ATLASES
650 _aMARINE RESOURCES
650 _aMARIS
650 _aNATIONAL RIVERS AUTHORITY
650 _aNORTH SEA
650 _aREMOTE SENSING
690 _aMARINE RESOURCES
942 _n0
948 _c04/03/1997
999 _c94086
_d94086